000 00571nam a2200169 a 4500
001 000044593
005 20201002045503.0
008 140721s1973 mx r 000 0 spa d
040 _aDO-SdBNP
_bspa
_cBNPHU
082 _axxxx
_bA237a
100 1 _aAdler, Ruth
_972624
240 1 0 _aA day in the life of The New York Times.
_lEspañol
245 1 3 _aUn día en la vida del The New York Times /
_cRuth Adler ; traducción de Francisco J. Perea.
260 _aMéxico :
_bEditores Asociados,
_c1973.
300 _a370 p. ;
_c20 cm.
700 1 2 _aPerea, Francisco J.,
_etr.
_941991
999 _c44082
_d44082